| 000 | 01506cam a2200241 4500 | ||
|---|---|---|---|
| 001 | ABS68852 | ||
| 008 | 050321n2005 000 0 eng u | ||
| 035 | _a(Sirsi) u129115 | ||
| 100 | _aJackson, T. | ||
| 245 | _aTightening the belt?: Scotland gets a community-based green belt alliance | ||
| 260 | _c2005 | ||
| 490 |
_aScottish Planner _v (103) February 2005, 8(1) |
||
| 520 | _aLooks at "The future of green belts in Scotland", a report by the recently formed Scottish Green Belt Alliance (SGBA), a loose association of community based groups seeking to update policy from the perspective of communities. The Scottish Executive is currently revising its 1985 guidance on green belts, "Development in the countryside and green belts". The SGBA report reviews the purposes of green belts and the pressures eroding their effectiveness, examines various spatial models and puts forward it's own ideas for a revised green belt policy. It envisages green belts as inherently compatible with the aims of sustainability and bio-diversity and promotes criterion-based reviews of green belts. View the report at www.greenbelts.ukos.com. | ||
| 590 | _aABS | ||
| 650 | _aGREEN BELTS | ||
| 650 | _aGREEN BELT POLICY | ||
| 650 | _aLOCAL COMMUNITIES | ||
| 650 | _aSCOTLAND | ||
| 650 |
_aSustainability _96271 |
||
| 690 | _aENVIRONMENTAL AND LAND CONSULTANCY-PLANNING AND DEVELOPMENT | ||
| 856 |
_uhttps://www.greenbelts.ukos.com/greenbeltfuture.php _zView the report on the SGBA website... |
||
| 942 | _n0 | ||
| 999 |
_c74954 _d74954 |
||